A survey of Bible doctrine (Record no. 4036)

MARC details
000 -LEADER
fixed length control field 00608nam a2200241 4500
001 - CONTROL NUMBER
control field 572077
003 - CONTROL NUMBER IDENTIFIER
control field OSt
005 - DATE AND TIME OF LATEST TRANSACTION
control field 20181128133459.0
008 - FIXED-LENGTH DATA ELEMENTS--GENERAL INFORMATION
fixed length control field 730126s1972 ilu b |001 0 eng
010 ## - LIBRARY OF CONGRESS CONTROL NUMBER
LC control number 72077958
020 ## - INTERNATIONAL STANDARD BOOK NUMBER
International Standard Book Number 0802484352
040 ## - CATALOGING SOURCE
Original cataloging agency DLC
Transcribing agency DLC
Modifying agency m.c.
-- CDC
082 ## - DEWEY DECIMAL CLASSIFICATION NUMBER
Classification number 230
Item number R995S
092 ## - LOCALLY ASSIGNED DEWEY CALL NUMBER (OCLC)
Classification number 230
Item number R995S
100 1# - MAIN ENTRY--PERSONAL NAME
Personal name Ryrie, Charles Caldwell,
Dates associated with a name 1925-
245 12 - TITLE STATEMENT
Title A survey of Bible doctrine
260 ## - PUBLICATION, DISTRIBUTION, ETC.
Place of publication, distribution, etc. Chicago,
Name of publisher, distributor, etc. Moody Press
Date of publication, distribution, etc. [1972]
300 ## - PHYSICAL DESCRIPTION
Extent 191 p.
Dimensions 22 cm
490 0# - SERIES STATEMENT
Series statement Christian handbooks
504 ## - BIBLIOGRAPHY, ETC. NOTE
Bibliography, etc. note Bibliography: p. 187
630 00 - SUBJECT ADDED ENTRY--UNIFORM TITLE
Uniform title Bible
General subdivision Theology
942 ## - ADDED ENTRY ELEMENTS (KOHA)
Source of classification or shelving scheme Dewey Decimal Classification
Koha item type Books
Holdings
Withdrawn status Lost status Source of classification or shelving scheme Damaged status Not for loan Collection code Home library Current library Shelving location Date acquired Cost, normal purchase price Total Checkouts Full call number Barcode Date last seen Price effective from Koha item type
    Dewey Decimal Classification     Non-fiction Harvest Mission College Harvest Mission College General Stacks 28.11.2018 250.00   230 R995S 004634 28.11.2018 28.11.2018 Books
    Dewey Decimal Classification     Non-fiction Harvest Mission College Harvest Mission College General Stacks 29.11.2022     230 R995S 012860 29.11.2022 29.11.2022 Books

OPAC Designed and Maintained by HMC Library Team.
Copyright © HMC Library,Greater Noida, UP.
For any Suggestions/Query Contact library via Email:libhmc@gmail.com